GQ's 50 Greatest Living Athletes - Statistics

General Stats
  • This quiz has been taken 138 times
  • The average score is 23 of 50
Answer Stats
Sport(s) Team(s) Athlete % Correct
Basketball Heat, Cavs Lebron James
96%
Basketball Bulls, Wizards Michael Jordan
95%
Tennis (Women's) United States Serena Williams
89%
Track and Field Jamaica Usain Bolt
86%
Golf United States Tiger Woods
82%
Tennis Switzerland Roger Federer
80%
Basketball Lakers Magic Johnson
78%
Soccer Argentina Lionel Messi
76%
Swimming United States Michael Phelps
76%
Football Patriots Tom Brady
76%
Soccer Manchester United, Real Madrid Cristiano Ronaldo
75%
Basketball Lakers Kobe Bryant
74%
Tennis Spain Rafael Nadal
70%
Track and Field United States Michael Johnson
69%
Basketball Magic, Lakers Shaquille O'Neal
68%
Hockey Oilers, Kings Wayne Gretzky
62%
Soccer Santos FC, Cosmos Pele
60%
Football, Baseball Raiders, Royals Bo Jackson
59%
Basketball Bucks, Lakers Kareem Abdul-Jabbar
54%
Football Browns Jim Brown
51%
Skateboarding United States Tony Hawk
50%
Football Packers Aaron Rodgers
48%
Football Lions Barry Sanders
45%
Basketball Celtics Bill Russell
45%
Football, Baseball Falcons, Cowboys, Braves Deion Sanders
45%
Basketball Rockets Hakeem Olajuwon
41%
Basketball 76ers, Nuggets Allen Ivereson
39%
Baseball Braves Hank Aaron
37%
Football 49ers, Raiders Jerry Rice
37%
Baseball Angels Mike Trout
35%
Track and Field United States Carl Lewis
33%
Baseball Giants Willie Mays
33%
Soccer (Women's) United States Mia Hamm
32%
Tennis Sweden Bjorn Borg
31%
Baseball Mariners, Reds Ken Griffey Jr.
31%
Hockey Peguins Mario Lemieux
31%
Golf United States Jack Nicklaus
29%
Basketball Squires, 76ers Julius Erving
27%
Tennis Czechoslovakia Martina Navratilova
25%
Football Texans J.J. Watt
22%
Basketball (Women's) University of Southern California Cheryl Miller
21%
Skiing (Women's) United States Lindsey Vonn
21%
Gymnastics Romania Nadia Comaneci
16%
Baseball Oakland A's, Yankees Rickey Henderson
16%
Surfing United States Kelly Slater
10%
Boxing United States Sugar Ray Leonard
9%
Soccer (Women's) United States Abby Wambach
6%
Track and Field United States Jackie Joyner-Kersee
5%
Basketball (WNBA) Mercury Diana Taurasi
3%
Wrestling Russia Aleksandr Karelin
2%
No matching quizzes found
Score Distribution
Percent of People with Each Score
Percentile by Number Answered
Your Score History
You have not taken this quiz